| 000 | 01789cam a2200397 i 4500 | ||
|---|---|---|---|
| 001 | 25564 | ||
| 003 | Mx-PuUPA | ||
| 005 | 20251009091408.0 | ||
| 008 | 140415s2006 sp gr 000 0 spa d | ||
| 020 | _a8474908116 | ||
| 040 |
_aMx-PuUPA _bspa _cMx-PuUPA _dMx-PuUPA _erda |
||
| 041 | 1 |
_aspa _hfre |
|
| 100 | 1 |
_aMerleau-Ponty, Maurice, _d1908-1961 _93610 _eautor |
|
| 240 | 1 | 2 |
_aL'union de l'âme et du corps chez Malebranche, Biran et Bergson. _lEspañol |
| 245 | 1 | 0 |
_aLa unión del alma y el cuerpo en Malebranche, Biran y Bergson / _capuntes del curso de Maurice Merleau-Ponty ; tomados y redactados por Jean Depruin ; traducción de Jesús Ma. Ayuso Díez |
| 250 |
_aSegunda edición / _brevisada y aumentada con un fragmento inédito |
||
| 264 | 1 |
_aMadrid : _bEdiciones Encuentro, _c©2006 |
|
| 300 |
_a158 páginas ; _c23 cm |
||
| 336 |
_2rdacontent _atexto _btxt |
||
| 337 |
_2rdamedia _asin medio _bn |
||
| 338 |
_2rdacarrier _avolumen _bnc |
||
| 490 | 0 |
_aEnsayos ; _aFilosofía ; _v238 |
|
| 500 | _a"Apuntes del curso de Maurice Merleau-Ponty en la École Normale Supérieure (1947-1948)".-- En portada. | ||
| 600 | 1 | 4 |
_aMalebranche, Nicolás, _d1638-1715 _911732 |
| 600 | 1 | 4 |
_aMaine de Biran, Pierre, _d1766-1824 _917156 |
| 600 | 1 | 4 |
_aBerson, Enrique, _d1859-1941 |
| 650 | 7 |
_2armarc _aMente y cuerpo |
|
| 650 | 7 |
_2armarc _aMonismo |
|
| 700 | 1 |
_aAyuso Díez, Jesús Ma, _etraductor |
|
| 700 | 1 |
_aDepruin, Jean, _eredactor |
|
| 765 | 0 |
_aMerleau-Ponty, Maurice _tL'union d'âme et du corps chez Malebranche, Biran et Bergson _dParis : Libraire Philosophique J. Vrin, ©1978, 2002 |
|
| 942 |
_2ddc _cLI _h128.2 _iM5518 |
||
| 999 |
_c25564 _d25564 |
||